000 00833nam a2200205Ia 4500
003 Ost
005 20260507075741.0
008 260507s9999||||xx |||||||||||||| ||und||
040 _cfsecg
041 _aara
082 _a306.36
100 _aرشوان، حسين عبد الحميد أحمد
_eمؤلف
245 0 _aعلم اجتماع التنظيم /
_c حسين عبد الحميد أحمد رشوان
260 _aالاسكندرية:
_bمؤسسة شباب الجامعة,
_c2004
300 _a255 صفحة؛
_bإيضاحات ؛
_c24 سم
504 _aالمراجع ص.239
520 _aالتنظيم،علم إجتماع التنظيم،ظواهر التنظيمات،ظواهر إجتماعية أخرى وعلاقتها بالتنظيم
653 _aالاجتماع التنظيمي-علم
942 _cكتاب
999 _c46142
_d46142